000 01058nam a2200253 a 4500
001 34799
003 BD-RjUL
005 20211209052219.0
008 190330m1892 uk a b 001 0 eng
035 _a(BD-RjUL)34893
040 _aDLC
_cDLC
_dDLC
_dBD-RjUL
_beng
041 _aeng
082 _a333.320954
_bBAL V-1-3(BK-1-4) 1892
_223
100 1 _aBaden-Powell, B. H.
_9229834
245 1 0 _aThe land systems of British India :
_bbeing a manual of the land-tenures and of the systems of land-revenue administration prevalent in the several provinces /
_cby B. H. Baden-Powell
260 _aOxford :
_bClarendon Press,
_c1892.
300 _a 3 v. :
_bill. ;
_c22 cm.
500 _a"With Maps"
504 _aIncludes bibliographical references and index.
505 1 _aVol. 1. book, I. General. book II. Bengal. -- v. 2. book III, The system of village or Mahál settlements -- v. 3. book IV, The raiyatwari and allied systems. --
650 _aLand tenure
_zIndia.
_9229835
650 _aReal property tax
_zIndia.
_9229836
942 _2ddc
_cRAR
999 _c34799
_d34799